LIBRARY & INFORMATION CENTRE, KCAET, TAVANUR

ONLINE PUBLIC ACCESS CATALOGUE (OPAC)

Strength of materials | A manual of students of engineering (Record no. 17673)

MARC details
000 -LEADER
fixed length control field 00414nam a22001577a 4500
003 - CONTROL NUMBER IDENTIFIER
control field OSt
008 - FIXED-LENGTH DATA ELEMENTS--GENERAL INFORMATION
fixed length control field 230508b |||||||| |||| 00| 0 eng d
020 ## - INTERNATIONAL STANDARD BOOK NUMBER
ISBN 9789355280169
041 ## - LANGUAGE CODE
Language code of text/sound track or separate title eng
082 ## - DEWEY DECIMAL CLASSIFICATION NUMBER
Classification number 620.11
Item number POP/ST
100 ## - MAIN ENTRY--AUTHOR NAME
Personal name Popplewell, William charles
245 ## - TITLE STATEMENT
Title Strength of materials
Remainder of title A manual of students of engineering
260 ## - PUBLICATION, DISTRIBUTION, ETC. (IMPRINT)
Place of publication Chennai
Year of publication 2022
300 ## - PHYSICAL DESCRIPTION
Number of Pages 179
942 ## - ADDED ENTRY ELEMENTS (KOHA)
Koha item type Books
260 ## - PUBLICATION, DISTRIBUTION, ETC. (IMPRINT)
-- Maxwell press
Holdings
Withdrawn status Lost status Damaged status Collection code Home library Current library Shelving location Date acquired Source of acquisition Cost, normal purchase price Full call number Accession Number Koha item type
      General Books KAUAET KAUAET Scheme 31/03/2023 Aman book stall, calicut 895.00 620.11 POP/ST BB 658 Books
      General Books KAUAET KAUAET General Stacks 24/03/2023 Aman book stall, calicut 895.00 620.11 POP/ST 26132 Books
free website counter